Night Changes - One Direction (All Lyrics) - Statistics

General Stats
  • This quiz has been taken 144 times
  • The average score is 253 of 296
Answer Stats
Answer % Correct
change
100%
change,
100%
changes
100%
changes?
100%
a
99%
does
98%
her
98%
to
98%
doesn't
97%
dress
97%
kind
97%
like
97%
mother
97%
night
97%
of
97%
that
97%
fast,
96%
fast
96%
something
96%
the
96%
and
95%
ever
95%
going
95%
how
95%
into
95%
it
95%
she
95%
you
95%
just
94%
never
94%
tonight,
94%
when
93%
be
91%
me
91%
drive
90%
out
90%
crazy
89%
no
89%
everything
88%
red
88%
baby
87%
up
87%
even
86%
been
85%
is
85%
she's
85%
shes
85%
too
85%
we're
85%
will
85%
about
84%
but
84%
getting
84%
older,
84%
i've
83%
lately
83%
only
83%
thinking
83%
afraid
82%
wake
82%
dreamed
81%
nothing
81%
there's
79%
had,
78%
off
78%
want
78%
showing
77%
won't
77%
you've
77%
for
72%
moon
72%
really
70%
all
69%
disappearing
69%
forget
69%
hair
69%
know
69%
wants
69%
driving
65%
having
64%
regrets
63%
moving
62%
through
61%
yet
61%
piece
60%
stop
59%
skin
57%
breaking
53%
head
53%
reminds
53%
lighting
52%
falling,
51%
cigarette
50%
missing
50%
lost
49%
chasing
48%
innocence
47%
are
46%
waiting,
44%
behind
43%
he's
40%
heart
37%
hides
36%
running
36%
doubts
35%
loud
35%
'round
35%
beating
32%
headin'
29%
No matching quizzes found
Score Distribution
Percent of People with Each Score
Percentile by Number Answered
Your Score History
You have not taken this quiz